000 00368 a2200157 4500
001 76141
020 _a978851606327
040 _cAnchieta - Colégio São Paulo
100 _aBandeira, Pedro
240 1 0 _aO primeiro amor de Laurinha
_lpor
245 1 0 _aO primeiro amor de Laurinha
300 _a64
362 0 _a2015
650 4 _aLiteratura juvenil
942 _cBK
999 _c76141
_d76141